000 00735nas a2200253 4500
001 BR9101172
003 BR-BrBNA
005 20231205091950.0
007 ta
008 230509b bl.|||p| |||| 00| 00por d
040 _aBR-BrBNA
_bpor
_cBiblioteca Nacional de Agricultura
041 _a(Pt)
072 _aF30
100 1 _aMoraes, C.O.C.
100 1 _aPaim, N.R.
100 1 _aNabinger, C.
245 1 _aAvaliacao de leguminosas do genero Trifolium
650 _aTREVO
650 _aCOMPORTAMENTO DE VARIEDADE
650 _aRENDIMENTO
773 0 _tPesquisa Agropecuaria Brasileira (Brazil)
_xISSN 0100-204X
_g(Jul 1989), v. 24(7) p. 813-818
_wBR9101172
909 _a202311
_bLúcia
_c55
_dLúcia Elande
942 _2AGRIS
_n0
_cANA
999 _c128410
_d128410